MARC

LEADER 00000nmm0a2200000 4500
001 238107
005 20231101231602.0
010 |a 9780230717176 
035 |a (RuTPU)RU\TPU\book\259289 
035 |a RU\TPU\book\228940 
090 |a 238107 
100 |a 20130522d2009 m y0engy50 ba 
101 0 |a eng 
102 |a GB 
105 |a a j 000zy 
200 1 |a In Company. Pre-intermediate  |a CEF (Common European Framework) Level A2-B1  |e Student's Book  |f S. Clarke 
205 |a 2nd ed. 
210 |a Oxford  |c Macmillan  |d 2009 
215 |a 159 p.  |c il.  |e CD-ROM 
606 1 |a Английский язык  |x Учебные руководства и пособия  |x Учебные руководства и пособия для высшей школы  |2 stltpush  |3 (RuTPU)RU\TPU\subj\29071  |9 52483 
610 1 |a лексика 
610 1 |a бизнес 
610 1 |a разговорная речь 
610 1 |a деловое общение 
610 1 |a упражнения 
610 1 |a CD-ROM 
686 |a Ш143.21-923  |v LBC/SL-A  |2 rubbk 
700 1 |a Clarke  |b S.  |g Simon 
801 1 |a RU  |b 63413507  |c 20050415  |g PSBO 
801 2 |a RU  |b 63413507  |c 20170605  |g PSBO 
942 |c MX